Scottish hunting ban. (Record no. 61356)

MARC details
000 -LEADER
fixed length control field 00779cam a2200181 4500
001 - CONTROL NUMBER
control field WB3528-62
008 - FIXED-LENGTH DATA ELEMENTS--GENERAL INFORMATION
fixed length control field 000000n1999 000 0 eng u
035 ## - SYSTEM CONTROL NUMBER
System control number (Sirsi) u102331
245 ## - TITLE STATEMENT
Title Scottish hunting ban.
260 ## - PUBLICATION, DISTRIBUTION, ETC.
Date of publication, distribution, etc. 1999
490 ## - SERIES STATEMENT
Series statement Scotsman
Volume/sequential designation 22 July 1999, 1 & 23 July 1999, 9(2)
520 ## - SUMMARY, ETC.
Summary, etc. Fox hunting is likely to be banned in Scotland before England. An MSP has said he will introduce a bill to outlaw hunting with hounds, and a survey has shown that such a bill would win the support of a majority of MSPs. Campaigners hope this will go through next spring, although the government has warned that it could take at least a year.
650 ## - SUBJECT ADDED ENTRY--TOPICAL TERM
Topical term or geographic name entry element SCOTLAND
650 ## - SUBJECT ADDED ENTRY--TOPICAL TERM
Topical term or geographic name entry element FIELD SPORTS
650 ## - SUBJECT ADDED ENTRY--TOPICAL TERM
Topical term or geographic name entry element ESTATE MANAGEMENT
690 ## - LOCAL SUBJECT ADDED ENTRY--TOPICAL TERM (OCLC, RLIN)
Topical term or geographic name as entry element RURAL PRACTICE
942 ## - ADDED ENTRY ELEMENTS (KOHA)
Suppress in OPAC 0
Holdings
Withdrawn status Lost status Source of classification or shelving scheme Damaged status Not for loan Home library Current library Shelving location Date acquired Total Checkouts Full call number Barcode Date last seen Copy number Price effective from Koha item type
    Dewey Decimal Classification     London London News article 19/11/1999   WB3528-62 102331-1001 06/08/2019 1 06/08/2019 News article